Fr. Conceicao Rodrigues College of Engineering

Waste Minimization : Practical guide to Clearner Production & Enchanced Probability (Record no. 31682)

MARC details
000 -LEADER
fixed length control field 00357nam a2200145Ia 4500
082 ## - DEWEY DECIMAL CLASSIFICATION NUMBER
Classification number 658.567
Item number MOD
100 ## - MAIN ENTRY--PERSONAL NAME
Personal name Modak/Prasad
245 ## - TITLE STATEMENT
Title Waste Minimization : Practical guide to Clearner Production & Enchanced Probability
260 ## - PUBLICATION, DISTRIBUTION, ETC.
Name of publisher, distributor, etc. CEE
Place of publication, distribution, etc. Ahmedabad
Date of publication, distribution, etc. 1995
300 ## - PHYSICAL DESCRIPTION
Extent 138
546 ## - LANGUAGE NOTE
Language note ENGLISH
654 ## - SUBJECT ADDED ENTRY--FACETED TOPICAL TERMS
Focus term Waste
942 ## - ADDED ENTRY ELEMENTS (KOHA)
Koha item type BOOK
Holdings
Withdrawn status Lost status Damaged status Not for loan Collection Home library Current library Date acquired Total Checkouts Full call number Barcode Date last seen Price effective from Koha item type
        CRC Fr. Agnel's C.Rodrigues College of Engineering Fr. Agnel's C.Rodrigues College of Engineering 17/03/2023   658.567 MOD 10029 17/03/2023 17/03/2023 BOOK
        CRC Fr. Agnel's C.Rodrigues College of Engineering Fr. Agnel's C.Rodrigues College of Engineering 17/03/2023   658.567 MOD 10030 17/03/2023 17/03/2023 BOOK